| 000 | 01314nam a22002657a 4500 | ||
|---|---|---|---|
| 005 | 2011072900430.0 | ||
| 020 |
_c245.00 _a9788186685112 |
||
| 020 |
_c245.00 _a8186685111 |
||
| 035 | _aEN-83984 | ||
| 037 | _bDBAD/PUB | ||
| 082 | _a793.31954 | ||
| 100 |
_aPrathibha Prahlad _930474 |
||
| 245 |
_aBharatanatyam / _cby Prathibha Prahlad ; Photograpes Avinash Pasricha |
||
| 260 |
_aNew Delhi _bWisdom Tree _c2008 |
||
| 270 |
_a4779/23, Ansari Road, Darya Ganj _bNew Delhi _e110002 _k23247966 |
||
| 300 |
_a99p. _c16cm (Hb) _bill |
||
| 490 |
_aDances of India ; Alka Raghuvanshi _930475 |
||
| 650 |
_aDance _930476 |
||
| 650 | _aIndia | ||
| 700 |
_913048 _aPasricha, Avinash |
||
| 942 |
_2ddc _cEN _h793.31954 _mPRA |
||
| 999 |
_c54555 _d54555 |
||